000
00334nam a2200145Ia 4500
008
230917s9999||||xx |||||||||||||| ||und||
040
_e
197997
_a
MAIN
041
_a
English
082
_a
370 Y1V
100
_a
Yadav, Jaiprakash
245
0
_a
Vivekananda ka shiksha mein yogdan
260
_a
Rohtak
300
_a
78 p.
942
_c
TH
999
_c
88267
_d
88267